000
00245nam a2200097Ia 4500
001
978014
005
20250826220739.0
008
250824s9999 xx 000 0 und d
245
0
_a
SİYAH GÜLLER
_c
AHMED GÜNBAY YILDIZ
260
_b
TİMAŞ YAYINLARI
999
_c
978014
_d
978014